Top 20 Stock Exchanges - Statistics

General Stats
  • This quiz has been taken 295 times
    219 since last reset
  • The average score is 10 of 20
Answer Stats
# Stock Exchange % Correct
1 New York Stock Exchange
89%
4 London Stock Exchange
82%
3 Japan Exchange Group
79%
5 Shanghai Stock Exchange
70%
2 NASDAQ
66%
12 Deutsche Börse
65%
6 Hong Kong Stock Exchange
63%
16 Australian Securities Exchange
55%
9 Toronto Stock Exchange
52%
11 National Stock Exchange
51%
20 Bolsas y Mercados Españoles
50%
18 B3
45%
10 Bombay Stock Exchange
45%
15 Nasdaq Nordic Exchange
34%
17 Taiwan Stock Exchange
32%
19 JSE
30%
8 Shenzhen Stock Exchange
27%
7 Euronext
20%
14 Korea Exchange
18%
13 SIX Swiss Exchange
14%
No matching quizzes found
Score Distribution
Percent of People with Each Score
Percentile by Number Answered
Your Score History
You have not taken this quiz since the last reset